000 00480nam a22001817a 4500
999 _c157866
_d157866
005 20181006125937.0
010 _aENG-124189
020 _a9789385755965
_c299.00
035 _aEN-107721
037 _bDBAD/PUB
082 _aS
100 _aShikhandin
245 _aImmoderate men /
_cby Shikhandin
260 _aNew Delhi
_bSpeaking Tiger
_c2016
270 _a4381/4, Ansari Road, Daryaganj,
_bNew Delhi
_e110002
300 _a192p.
_c20cm(pbk)
942 _2ddc
_cEN
_hS
_mSHI